000 00527nam a22001697a 4500
999 _c18069
_d18069
008 191127b xxu||||| |||| 00| 0 eng d
020 _a1870244001
040 _aKABU
_cKABU
050 _aRC489
_b.S74 1987 c. 1
100 _aStewart, Ian
245 _aT A Today
_ba new introduction to transactional analysis
_cIan Stewart, Vann Joines
260 _aNottingham, England
_bLifespace Publishing
_c1987
300 _axiv, 342 p.
650 _aTransactional analysis
700 _aJoines, Vann
942 _2lcc
_cBK
_hRC489